| 000 | 01007nam a2200253 a 4500 | ||
|---|---|---|---|
| 001 | 40335 | ||
| 003 | BD-RjUL | ||
| 005 | 20211209053208.0 | ||
| 008 | 160428s1994 bg ||||| |||| 00| 0 ben d | ||
| 020 |
_a9840731009 _c:TK 250.00 |
||
| 035 | _a(BD-RjUL)40450 | ||
| 040 |
_aBD-RjUL _bben _cBD-RjUL |
||
| 041 | _aben | ||
| 082 |
_223 _a891.4408 _bHOM 1994 |
||
| 100 |
_aহক, মুহম্মদ এনামুল _9124261 |
||
| 245 | 1 | 0 |
_aমুহম্মদ এনামুল হক-রচনাবলী / _cমুহম্মদ এনামুল হক ; মনসুর মুসা সম্পাদিত |
| 260 |
_aঢাকা : _bবাংলা একাডেমী, _c১৯৯৪ |
||
| 300 |
_a খণ্ড ; _c২৩ সেমি. |
||
| 505 | 1 | _aখণ্ড ৩ -- | |
| 650 |
_aবাংলা সাহিত্য _9124262 |
||
| 650 |
_aBengali Literature _9124263 |
||
| 700 |
_aমুসা, মনসুর সম্পাদিত _9124264 |
||
| 942 |
_2ddc _cBK |
||
| 999 |
_c40335 _d40335 |
||